Emma Stone Movies by Picture - Statistics

General Stats
  • This quiz has been taken 51 times
  • The average score is 8 of 12
Answer Stats
Picture Answer % Correct
La La Land
100%
Cruella
83%
Superbad
81%
Easy A
76%
Poor Things
74%
The Amazing Spider-Man
71%
The Croods
69%
The Help
67%
Crazy, Stupid, Love.
60%
Zombieland
57%
Battle of the Sexes
48%
Birdman
40%
No matching quizzes found
Score Distribution
Percent of People with Each Score
Percentile by Number Answered
Your Score History
You have not taken this quiz